A Smattering of ignorance/ (Record no. 10269)

MARC details
000 -LEADER
fixed length control field 00452nam a22001577a 4500
003 - CONTROL NUMBER IDENTIFIER
control field OSt
005 - DATE AND TIME OF LATEST TRANSACTION
control field 20260506010840.0
008 - FIXED-LENGTH DATA ELEMENTS--GENERAL INFORMATION
fixed length control field 260506b |||||||| |||| 00| 0 eng d
040 ## - CATALOGING SOURCE
Original cataloging agency DWCL-Main lib
Transcribing agency OC
082 ## - DEWEY DECIMAL CLASSIFICATION NUMBER
Classification number Circ. 92 L491
100 ## - MAIN ENTRY--PERSONAL NAME
Personal name Levant, Oscar
245 ## - TITLE STATEMENT
Title A Smattering of ignorance/
Statement of responsibility, etc. Oscar Levant
260 ## - PUBLICATION, DISTRIBUTION, ETC.
Place of publication, distribution, etc. Garden City, New York :
Name of publisher, distributor, etc. Garden City pub. co.,
Date of publication, distribution, etc. c1942.
300 ## - PHYSICAL DESCRIPTION
Extent xi, 267 p. ;
Dimensions 21 cm.
942 ## - ADDED ENTRY ELEMENTS (KOHA)
Source of classification or shelving scheme Dewey Decimal Classification
Koha item type Book Circulation
Call number suffix Circ.
Suppress in OPAC No
952 ## - LOCATION AND ITEM INFORMATION (KOHA)
--
Holdings
Withdrawn status Lost status Source of classification or shelving scheme Damaged status Not for loan Home library Current library Shelving location Date acquired Source of acquisition Total Checkouts Full call number Barcode Date last seen Price effective from Koha item type Uniform Resource Identifier
    Dewey Decimal Classification     Junior High School Library Junior High School Library Circulation 04/02/1965 Library Fund   Circ. 92 L491 JHS - 250 05/06/2026 05/06/2026 BK-CIRC